Vodař : odborné kreslení /

Hlavní autor: Muzikant, Jiří
Korporativní autor: Česko (Československo). Ministerstvo lesního a vodního hospodářství
Jazyk: Čeština
Vydáno: Praha : Státní zemědělské nakladatelství, 1983
Vydání: 1. vyd.
Témata:
Fyzický popis: 272 s. : il., 11 graf. příl ; 30 cm
Knihy
Uloženo v:
LEADER 01117nam a22003012a 4500
001 000915248
003 CZ BrMZK
005 20081006094032.0
007 ta
008 081006s1983 xr a er|||||||||||cze d
015 |a cnb000006589 
020 |q (Brož.) 
035 |a (OCoLC)39594183 
040 |a ABA001  |b cze  |d ABA001  |d BOA001 
080 9 |a 626/627 
100 1 |a Muzikant, Jiří  |4 aut 
245 1 0 |a Vodař :  |b odborné kreslení /  |c Jiří Muzikant ; obrazovou a grafickou přílohu nakreslila Jana Paclíková 
250 |a 1. vyd. 
260 |a Praha :  |b Státní zemědělské nakladatelství,  |c 1983 
300 |a 272 s. :  |b il., 11 graf. příl ;  |c 30 cm 
504 |a Obsahuje bibliografii 
550 |a Vydavatel: Ministerstvo lesního a vodního hospodářství 
710 1 |a Česko (Československo).  |b Ministerstvo lesního a vodního hospodářství  |7 kn20020321615 
910 |a BOA001  |b 4-0869.386 
964 |a Technické kreslení - vodohospodářské stavby - učebnice 
990 |a BK 
991 |b 200810 
996 6 |b BC-608529  |c 4-0869.386  |l MZK  |r Sklad / do 1 hodiny  |n 0  |w 000915248  |u 000010  |a 1  |e BOA001  |j MZK50  |s P